00391 2200157 4500001002100000008004100021035002000062245004400082100001900126250000600145260003400151084001400185082000800199650001400207990001200221INLIS000000000001571 ind  a0010-0125000069 aKamus Pelajar MatematikacDiah Rahmatia aRahmatia, Diah a1 aJakarta :bGaneca Exactc2007 a510 DIA k a510 aReferensi a0714454